[Event "Montreal Mercredi 11"]
[Site "Montreal"]
[Date "2017.11.24"]
[Round "3"]
[White "Lamarche, Michel"]
[Black "Beaulieu, Pierre"]
[Result "1-0"]
[WhiteElo "1861"]
[BlackElo "1831"]
[PlyCount "66"]
[EventDate "2017.11.15"]
[EventType "swiss"]
[EventRounds "5"]
[EventCountry "CAN"]
[SourceTitle "EXT 2022"]
[Source "ChessBase"]
[SourceDate "2021.10.06"]
[SourceVersion "1"]
[SourceVersionDate "2021.10.06"]
[SourceQuality "1"]

1. e4 b6 2. d4 Bb7 3. Bd3 e6 4. Nf3 Nf6 5. Qe2 d5 6. e5 Nfd7 7. 0-0 c5 8. c3 Be7 9. Be3 Nc6 10. a3 a6 11. Ne1 Qc7 12. f4 g6 13. a4 c4 14. Bc2 0-0-0 15. Nd2 Na5 16. Nef3 Rdf8 17. b3 Kb8 18. b4 Nc6 19. b5 axb5 20. axb5 Nd8 21. Ra4 Bc8 22. Rfa1 Qb7 23. Bf2 f6 24. Nxc4 fxe5 25. Ncxe5 Bd6 26. Bd3 Rxf4 27. Bg3 Re4 28. Bxe4 dxe4 29. Nxd7+ Qxd7 30. Ra8+ Kc7 31. Qc4+ Nc6 32. Ne5 Bxe5 33. Bxe5+ Kd8 1-0

[Event "Montreal Mercredi 11"]
[Site "Montreal"]
[Date "2017.11.15"]
[Round "1"]
[White "Guipi Bopala, Prince Eric Jr"]
[Black "Lamarche, Michel"]
[Result "1-0"]
[WhiteElo "1863"]
[BlackElo "1861"]
[PlyCount "63"]
[EventDate "2017.11.15"]
[EventType "swiss"]
[EventRounds "5"]
[EventCountry "CAN"]
[SourceTitle "EXT 2022"]
[Source "ChessBase"]
[SourceDate "2021.10.06"]
[SourceVersion "1"]
[SourceVersionDate "2021.10.06"]
[SourceQuality "1"]

1. d4 Nf6 2. Bf4 d5 3. e3 c6 4. h3 Bf5 5. c4 Qa5+ 6. Qd2 Qxd2+ 7. Nxd2 e6 8. Ngf3 Be7 9. Be2 Nbd7 10. 0-0 0-0 11. Nh4 Bg6 12. Nxg6 hxg6 13. a3 a5 14. Bd3 c5 15. cxd5 Nxd5 16. Bh2 cxd4 17. exd4 Bf6 18. Nf3 Rac8 19. Rac1 Rfd8 20. Be4 N7b6 21. Bxd5 Nxd5 22. Be5 Nb6 23. Bc7 Rxc7 24. Rxc7 Rxd4 25. Rxb7 Nc4 26. Rc1 g5 27. b4 Nxa3 28. bxa5 Ra4 29. Ra7 Nc4 30. a6 Nb6 31. Rb1 Nd5 32. Rbb7 1-0

[Event "Montreal Transcontinental ABCDEFG"]
[Site "Montreal"]
[Date "2016.12.09"]
[Round "1"]
[White "Turcotte, Jonathan"]
[Black "Lamarche, Michel"]
[Result "1-0"]
[WhiteElo "2065"]
[BlackElo "1906"]
[PlyCount "44"]
[EventDate "2016.12.09"]
[EventType "swiss"]
[EventRounds "5"]
[EventCountry "CAN"]
[SourceTitle "EXT 2022"]
[Source "ChessBase"]
[SourceDate "2021.10.06"]
[SourceVersion "1"]
[SourceVersionDate "2021.10.06"]
[SourceQuality "1"]

1. d4 Nf6 2. c4 e6 3. Nf3 b6 4. g3 Ba6 5. b3 d5 6. Bg2 Bb7 7. cxd5 Nxd5 8. 0-0 Nd7 9. Re1 N5f6 10. Nbd2 Ne4 11. Qc2 Ndf6 12. Ng5 Nxg5 13. Bxb7 Bb4 14. Qc4 Be7 15. Bxa8 Qxa8 16. Qb5+ Nd7 17. e4 c6 18. Qd3 0-0 19. h4 Nh3+ 20. Kg2 Nf4+ 21. gxf4 Bxh4 22. Ba3 Rc8 1-0

[Event "Montreal op U2000"]
[Site "Montreal"]
[Date "2016.09.10"]
[Round "3.29"]
[White "Lamarche, Michel"]
[Black "Lima Barbosa, Raphael"]
[Result "1/2-1/2"]
[WhiteElo "1986"]
[BlackElo "1647"]
[PlyCount "83"]
[EventDate "2016.09.09"]
[EventType "swiss"]
[EventRounds "5"]
[EventCountry "CAN"]
[SourceTitle "EXT 2022"]
[Source "ChessBase"]
[SourceDate "2021.10.06"]
[SourceVersion "1"]
[SourceVersionDate "2021.10.06"]
[SourceQuality "1"]

1. e4 c6 2. d4 d5 3. Nc3 dxe4 4. Nxe4 Bf5 5. Ng3 Bg6 6. Nf3 h6 7. h4 Nf6 8. h5 Bh7 9. Bd3 Bxd3 10. Qxd3 e6 11. Bd2 Bd6 12. Ne4 Nxe4 13. Qxe4 Nd7 14. Qg4 Bf8 15. Qe4 Nf6 16. Qe2 Be7 17. 0-0-0 Qc7 18. Kb1 0-0 19. Ne5 Rfd8 20. Bc1 c5 21. dxc5 Qxc5 22. g4 Rd5 23. Rxd5 Nxd5 24. f4 Qb4 25. Qf3 Bf6 26. c3 Qd6 27. Re1 Rc8 28. Bd2 a5 29. Qe4 b5 30. g5 hxg5 31. fxg5 Bxe5 32. Qxe5 Qxe5 33. Rxe5 Rc4 34. Kc2 a4 35. Kd3 Kf8 36. Re4 Rxe4 37. Kxe4 f6 38. b3 axb3 39. axb3 fxg5 40. Bxg5 Nxc3+ 41. Kd4 Nd5 42. h6 1/2-1/2

[Event "Montreal-ch"]
[Site "Montreal"]
[Date "1993.09.04"]
[Round "1"]
[White "Lamarche, Michel"]
[Black "Clement, Michel"]
[Result "0-1"]
[WhiteElo "1828"]
[BlackElo "2007"]
[PlyCount "82"]
[EventDate "1993.09.04"]
[EventType "swiss"]
[EventRounds "5"]
[EventCountry "CAN"]
[SourceTitle "EXT 2022"]
[Source "ChessBase"]
[SourceDate "2021.10.06"]
[SourceVersion "1"]
[SourceVersionDate "2021.10.06"]
[SourceQuality "1"]

1. e4 c5 2. Nf3 Nc6 3. Bb5 d6 4. 0-0 Bg4 5. c3 Nf6 6. Re1 e5 7. d4 Nd7 8. d5 Ncb8 9. a4 Be7 10. h3 Bh5 11. Nbd2 a6 12. Bd3 0-0 13. Nf1 Re8 14. g4 Bg6 15. Ng3 Nf8 16. Kg2 Nbd7 17. Be3 h6 18. Rh1 Bh7 19. Qd2 Ng6 20. Nf5 Bf8 21. h4 Nf6 22. h5 Ne7 23. Kg3 Nxf5+ 24. gxf5 Nxd5 25. Bc4 Nf6 26. Bd5 Qc7 27. Rhg1 Rad8 28. Kh4 Qe7 29. Kh3 Nxd5 30. Qxd5 Kh8 31. Rg3 Qd7 32. a5 Qc6 33. Qxf7 Re7 34. Qc4 d5 35. Qxc5 dxe4 36. Nh4 Qd7 37. Kg4 Rf7 38. Qxe5 Bd6 39. Qe6 Bxf5+ 40. Qxf5 Rxf5 41. Nxf5 Rf8 0-1